|
|
|
|
| LEADER |
00000nam a2200000 a 4500 |
| 001 |
vtls012136564 |
| 003 |
SK-MaSNL |
| 005 |
20260301055623.0 |
| 008 |
251112s1556 sz f 010 0 lat |
| 015 |
|
|
|a SNBHFA
|
| 035 |
|
|
|a urn:nbn:sk:snk-am00ih73
|
| 035 |
|
|
|a 568D4674-702E-44BE-BC21-8708B4F1ACB1
|
| 040 |
|
|
|a SNKHFA
|b slo
|c SNKHFA
|e AACR2
|
| 041 |
|
|
|a lat
|
| 044 |
|
|
|a sz
|c CH
|
| 072 |
|
7 |
|a 16
|x Logika
|2 konspekt
|
| 080 |
|
|
|a 16
|2 2011
|
| 100 |
1 |
|
|a Loriti, Heinrich,
|d 1488-1563
|4 aut
|9 52315
|
| 245 |
1 |
0 |
|a Henrichi Loriti Glareani po. l. in clarissimi uiri Ioannis Caesarij Iuliacensis Dialecticen uice commentariorum annotationes. Accessit rerum & uerborum in ijsdem memorabilium index copiosus. Cum Caes. Maiest. gratia & priuilegio ad decennium
|
| 260 |
|
|
|a Basileae
|b per Ioannem Oporinum
|c Anno Salutis humanae M.D. LVI. [=1556]
|
| 300 |
|
|
|a 227 strán, 1 nečíslovaná strana, 6 listov
|c 8°
|
| 500 |
|
|
|a Signet, vinety, vlysy, iniciálky na 2 riadky, iniciálky v rámčeku na 7 riadkov
|
| 501 |
|
|
|a Príväzok 1. k: CAESARIUS, Johannes. Dialectica. Lvgdvni: Apud Gabrielem Coterium, 1556. 8°.
|5 SNK ID 103104
|
| 504 |
|
|
|a Kustódy
|
| 510 |
4 |
|
|a VD 16 L/2636
|
| 546 |
|
|
|a Latinčina
|b Kurzíva
|
| 561 |
|
|
|a Z knižnice františkánov v Bratislave.
|5 SNK ID 103104/prív.1
|
| 650 |
0 |
7 |
|a logika
|2 SNKPH
|9 806
|
| 700 |
1 |
|
|a Dietrich, Wolfgang
|4 hnr
|9 369534
|
| 700 |
1 |
|
|a Oporin, Johann,
|d 1507-1568
|4 prt
|9 54337
|
| 710 |
1 |
|
|a Františkáni (Bratislava, Slovensko)
|4 fmo
|9 281881
|
| 752 |
|
|
|a Švajčiarsko
|d Bazilej
|
| 852 |
|
|
|a Slovenská národná knižnica
|b Historické fondy
|
| 852 |
|
|
|a snk
|b Historické fondy
|p ID 103104/prív.1
|
| 958 |
|
|
|a ONDV
|
| 999 |
|
|
|c 613781
|d 615711
|
| 952 |
|
|
|t Fr Ba 15 964
|a SNK
|b SNK
|c SNK_HF
|y PREZ
|7 0
|p 17A1399577
|o snkID 103104/prív.1
|i snkF 8509/2022
|8 5
|0 0
|1 0
|4 0
|d 2022-05-25
|f 1
|l 0
|r 2026-02-23 16:31:04
|w 2026-02-23
|